Statistiken für Alle Ausfahrten der Tauern-Autobahn (A10)

Klicken Sie hier um das Quiz zu spielen!

Allgemein

  • Dieses Quiz wurde 31 mal gespielt
  • Das Durchschnittsergebnis liegt bei 20 aus 25

Antwortstatistiken

kmBz.Ausfahrt% Korrekt
2,1SLSalzburg
100%
8,2SLSalzburg-Süd
100%
16,1HAHallein
92%
46,8JOPongau / Bischofshofen
92%
104,3TASt. Michael im Lungau
92%
183,3VIVillach
92%
178,8VIVillach-Ossiacher See
92%
172,6VLVillach-West
92%
42,4JOWerfen
92%
66,0JOFlachau
88%
27,8HAGolling an der Salzach
85%
10,8HAPuch / Urstein
85%
139,6SPSpittal / Millstätter See
85%
91,8TAZederhaus
85%
147,0SPSpittal-Ost
81%
60,3JOEben im Pongau
77%
21,6HAKuchl
77%
62,7JOAltenmarkt im Pongau
73%
130,0SPGmünd / Maltatal
73%
74,0JOFlachauwinkl
65%
56,1JOHüttau
65%
34,0JOPass Lueg
62%
159,6VLPaternion / Feistritz
58%
113,1SPRennweg am Katschberg
58%
44,1JOPfarrwerfen
54%

Verteilung der Resultate

Perzentil nach korrekt beantworteten Fragen

Anzahl Personen mit jedem Resultat

Ihre Resultats-Entwicklung

Sie haben dieses Quiz noch nicht gespielt